000 00307nam a2200121Ia 4500
008 190723s9999 xx 000 0 und d
020 _a978-0-19-579340-6
100 _aShanul Haq Haqee
245 0 _aOxford English-Urdu Dictionary
260 _aUk
_bOxford Uni Press
_c2017
300 _a2100.:p
942 _cBK
999 _c1719
_d1719